000 00586nam a2200181 a 4500
005 20140310183416.0
008 070906s19uu xx 00 eng d
020 _a9780785211709
050 _aBV 4596.B8
_b.M39 2005
100 _aMaxwell, John C.
245 _aLife @ work :
_bmarketplace success for people of faith /
_cJohn C. Maxwell.
260 _aOrange, California :
_bNelson Business,
_c2005.
300 _a242 p. :
_c23 cm.
650 _aBusiness people
_xReligious life.
650 _aBusiness
_xReligious aspects
_xChristianity.
942 _cBK
_2lcc
_kFOR
999 _c22583
_d22583